Aladdin characters by picture - Statistics

General Stats
  • This quiz has been taken 94 times
  • The average score is 7 of 12
Answer Stats
Picture Answer % Correct
Genie
99%
Jasmine
98%
Aladdin
96%
Jafar
89%
Abu
83%
Magic Carpet
83%
Iago
68%
The Sultan
66%
Rajah
50%
Gazeem
9%
Cassim
8%
Farouk
3%
No matching quizzes found
Score Distribution
Percent of People with Each Score
Percentile by Number Answered
Your Score History
You have not taken this quiz